[Event "HUN-chT 2425"]
[Site "Hungary"]
[Date "2024.11.03"]
[Round "2.27"]
[White "Blasko, Istvan"]
[Black "Meszaros, Tamas"]
[Result "0-1"]
[WhiteElo "2259"]
[BlackElo "2376"]
[PlyCount "76"]
[EventDate "2024.11.02"]
[EventType "team-tourn"]
[EventRounds "9"]
[EventCountry "HUN"]
[SourceTitle "CB45_2024"]
[Source "ChessBase"]
[SourceDate "2024.11.06"]
[SourceVersion "1"]
[SourceVersionDate "2024.11.06"]
[SourceQuality "1"]
[WhiteTeam "Kekes"]
[BlackTeam "Haladas"]
[WhiteTeamCountry "HUN"]
[BlackTeamCountry "HUN"]

1. d4 Nf6 2. c4 e6 3. Nf3 Bb4+ 4. Bd2 a5 5. g3 d5 6. a3 Be7 7. Bg2 0-0 8. 0-0 c6 9. Qc2 Nbd7 10. cxd5 exd5 11. Nc3 Nb6 12. Rad1 Re8 13. Ne5 Bf8 14. e4 dxe4 15. Nxe4 Bf5 16. Nxf6+ Qxf6 17. Qb3 Ra6 18. Rfe1 Be6 19. Qd3 Raa8 20. h4 h6 21. Be4 Nd7 22. Bc3 Nxe5 23. dxe5 Qe7 24. Qe3 Qc5 25. Bd4 Qb5 26. Bd3 Bc4 27. Bc2 c5 28. Bc3 Bb3 29. Qe2 Qxe2 30. Rxe2 Bxc2 31. Rxc2 b5 32. f4 b4 33. Be1 Red8 34. Rxd8 Rxd8 35. Bf2 Rd1+ 36. Kg2 b3 37. Re2 c4 38. Bb6 c3 0-1

[Event "HUN-ch Blitz"]
[Site "Ajka"]
[Date "2024.07.19"]
[Round "6"]
[White "Balog, Imre1"]
[Black "Meszaros, Tamas"]
[Result "1-0"]
[WhiteElo "2627"]
[BlackElo "2376"]
[PlyCount "129"]
[EventDate "2024.07.19"]
[EventType "swiss (blitz)"]
[EventRounds "13"]
[EventCountry "HUN"]
[SourceTitle "CBM 221 Extra"]
[Source "ChessBase"]
[SourceDate "2024.09.30"]
[SourceVersion "1"]
[SourceVersionDate "2024.09.30"]
[SourceQuality "1"]

1. d4 Nf6 2. Bg5 e6 3. e4 h6 4. Bxf6 Qxf6 5. Nc3 d6 6. Qd2 Nd7 7. 0-0-0 a6 8. f4 Qd8 9. Nf3 Be7 10. g4 b5 11. Bd3 c5 12. f5 c4 13. fxe6 fxe6 14. Be2 Qa5 15. a3 Rb8 16. Na2 Qxd2+ 17. Kxd2 Nf6 18. e5 Nxg4 19. Rhg1 Nf2 20. Rdf1 Ne4+ 21. Ke3 Ng5 22. exd6 Bxd6 23. Ne5 Bxe5 24. dxe5 Rb7 25. h4 Nf7 26. Bh5 0-0 27. Bg6 Rd7 28. Nc3 Bb7 29. Ne2 Rdd8 30. Bxf7+ Rxf7 31. Rf6 Kf8 32. Rxf7+ Kxf7 33. Rf1+ Ke7 34. Nf4 g5 35. hxg5 hxg5 36. Ng6+ Kd7 37. Rf7+ Kc6 38. Re7 Kb6 39. Rxe6+ Kc5 40. Re7 Bd5 41. Rc7+ Kb6 42. Rg7 Re8 43. Ne7 Be6 44. Ke4 Kc5 45. Ng6 Bd5+ 46. Kf5 g4 47. Kxg4 Kd4 48. Kf4 c3 49. bxc3+ Kxc3 50. Rc7+ Bc4 51. Ne7 Kxc2 52. Nf5 Rf8 53. Ke4 Kb3 54. Nd6 Rf1 55. Kd4 Rd1+ 56. Ke4 a5 57. a4 Re1+ 58. Kd4 Rd1+ 59. Ke4 Re1+ 60. Kd4 Rd1+ 61. Ke4 Bd5+ 62. Ke3 b4 63. Rc5 Kxa4 64. Nf5 Be6 65. Nd4 1-0

[Event "HUN-ch Blitz"]
[Site "Ajka"]
[Date "2024.07.19"]
[Round "10"]
[White "Golubovic, Boris"]
[Black "Meszaros, Tamas"]
[Result "0-1"]
[WhiteElo "2321"]
[BlackElo "2376"]
[PlyCount "84"]
[EventDate "2024.07.19"]
[EventType "swiss (blitz)"]
[EventRounds "13"]
[EventCountry "HUN"]
[SourceTitle "CBM 221 Extra"]
[Source "ChessBase"]
[SourceDate "2024.09.30"]
[SourceVersion "1"]
[SourceVersionDate "2024.09.30"]
[SourceQuality "1"]

1. c4 e5 2. Nc3 Nc6 3. g3 g6 4. Bg2 Bg7 5. Rb1 f5 6. b4 d6 7. b5 Nce7 8. d3 Nf6 9. e3 0-0 10. Nge2 g5 11. 0-0 Ng6 12. f4 gxf4 13. exf4 exf4 14. Nxf4 Ng4 15. Nce2 Re8 16. Qb3 Nxf4 17. Nxf4 Bd4+ 18. Kh1 Nf2+ 19. Rxf2 Bxf2 20. Bb2 Qg5 21. c5+ Kf8 22. cxd6 cxd6 23. Qd5 Qh6 24. Rf1 Bxg3 25. h3 Bxf4 26. Qf3 Be5 27. d4 Bf6 28. Ba3 Rd8 29. Qd5 Be7 30. Re1 Qf6 31. Qf3 Rb8 32. Bb2 d5 33. Bc1 Be6 34. Bf4 Bd6 35. Bd2 Rbc8 36. Qe2 Bf7 37. Qd3 Re8 38. Rf1 Re4 39. Bxe4 dxe4 40. Qxe4 fxe4 41. Rxf6 Ke7 42. Rh6 Bg6 0-1

[Event "HUN-ch Blitz"]
[Site "Ajka"]
[Date "2024.07.19"]
[Round "12"]
[White "Haszon, David"]
[Black "Meszaros, Tamas"]
[Result "0-1"]
[WhiteElo "2248"]
[BlackElo "2376"]
[PlyCount "78"]
[EventDate "2024.07.19"]
[EventType "swiss (blitz)"]
[EventRounds "13"]
[EventCountry "HUN"]
[SourceTitle "CBM 221 Extra"]
[Source "ChessBase"]
[SourceDate "2024.09.30"]
[SourceVersion "1"]
[SourceVersionDate "2024.09.30"]
[SourceQuality "1"]

1. d4 Nf6 2. Nf3 e6 3. Bf4 c5 4. e3 d5 5. c3 Nc6 6. Nbd2 Nh5 7. Bg5 Qb6 8. Qb3 h6 9. Bh4 g5 10. g4 Nf6 11. Bg3 Nxg4 12. h4 gxh4 13. Rxh4 Nf6 14. Ne5 Be7 15. Rh1 Bd7 16. Be2 Nxe5 17. Bxe5 0-0-0 18. dxc5 Qxc5 19. c4 Rhg8 20. Bd4 Qa5 21. Bc3 Qc7 22. Rc1 Kb8 23. Bf3 Bc6 24. Ke2 Ne4 25. Bxe4 dxe4 26. Rcg1 Rxg1 27. Rxg1 Qh2 28. Rg3 Qh5+ 29. Ke1 Bh4 30. Rg2 Qf5 31. Rh2 Be7 32. Rxh6 Rg8 33. Rh1 Bd6 34. Bb4 Bc7 35. Qc3 Be5 36. Qa3 Rd8 37. Be7 Rxd2 38. Rh8+ Bxh8 39. Kxd2 Be5 0-1

[Event "HUN-ch Blitz"]
[Site "Ajka"]
[Date "2024.07.19"]
[Round "5"]
[White "Meszaros, Tamas"]
[Black "Bodi, Tibor"]
[Result "1-0"]
[WhiteElo "2376"]
[BlackElo "2305"]
[PlyCount "77"]
[EventDate "2024.07.19"]
[EventType "swiss (blitz)"]
[EventRounds "13"]
[EventCountry "HUN"]
[SourceTitle "CBM 221 Extra"]
[Source "ChessBase"]
[SourceDate "2024.09.30"]
[SourceVersion "1"]
[SourceVersionDate "2024.09.30"]
[SourceQuality "1"]

1. b4 e5 2. b5 d5 3. Bb2 Bd6 4. Nf3 Qe7 5. e3 Nf6 6. d4 exd4 7. Qxd4 0-0 8. Nbd2 c5 9. Qh4 Nbd7 10. Bd3 a6 11. c4 axb5 12. cxd5 c4 13. Bc2 h6 14. 0-0 Nxd5 15. Qd4 N7f6 16. e4 Nb4 17. Bb1 Bc5 18. Qc3 Nc6 19. e5 Nd5 20. Qc2 g6 21. Ne4 Bf5 22. Qc1 Kh7 23. Rd1 Bxe4 24. Bxe4 Ndb4 25. Qf4 Rh8 26. h4 Nd3 27. Bxd3 cxd3 28. h5 g5 29. Qf5+ Kg8 30. e6 Qxe6 31. Qxe6 fxe6 32. Bxh8 Kxh8 33. Rxd3 Kg7 34. Rd7+ Kf6 35. Rxb7 b4 36. Rc1 Rxa2 37. Rxc5 Ne7 38. Rcc7 Nd5 39. Rf7# 1-0

[Event "HUN-ch Blitz"]
[Site "Ajka"]
[Date "2024.07.19"]
[Round "4"]
[White "Meszaros, Tamas"]
[Black "Feher, Tamas"]
[Result "1-0"]
[WhiteElo "2376"]
[BlackElo "2099"]
[PlyCount "49"]
[EventDate "2024.07.19"]
[EventType "swiss (blitz)"]
[EventRounds "13"]
[EventCountry "HUN"]
[SourceTitle "CBM 221 Extra"]
[Source "ChessBase"]
[SourceDate "2024.09.30"]
[SourceVersion "1"]
[SourceVersionDate "2024.09.30"]
[SourceQuality "1"]

1. b4 a5 2. b5 c5 3. c4 e6 4. Nf3 d5 5. e3 Nf6 6. Na3 Be7 7. g3 b6 8. Bg2 Bb7 9. 0-0 d4 10. exd4 cxd4 11. d3 Bc5 12. Nc2 0-0 13. Bb2 e5 14. Nxe5 Bxg2 15. Kxg2 Re8 16. Nf3 Nbd7 17. Ncxd4 Qc7 18. Nc6 Nb8 19. Be5 Rxe5 20. Nfxe5 Nxc6 21. Nxc6 Qd6 22. d4 Bb4 23. Qd3 Re8 24. a3 Bc5 25. Rfd1 1-0

[Event "HUN-ch Blitz"]
[Site "Ajka"]
[Date "2024.07.19"]
[Round "9"]
[White "Meszaros, Tamas"]
[Black "Pergel, Laszlo"]
[Result "1-0"]
[WhiteElo "2376"]
[BlackElo "2156"]
[PlyCount "39"]
[EventDate "2024.07.19"]
[EventType "swiss (blitz)"]
[EventRounds "13"]
[EventCountry "HUN"]
[SourceTitle "CBM 221 Extra"]
[Source "ChessBase"]
[SourceDate "2024.09.30"]
[SourceVersion "1"]
[SourceVersionDate "2024.09.30"]
[SourceQuality "1"]

1. b4 Nf6 2. Bb2 e6 3. b5 d5 4. Nf3 b6 5. e3 Bb7 6. Be2 c5 7. c4 Be7 8. 0-0 0-0 9. d4 Nbd7 10. Nbd2 cxd4 11. Nxd4 Rc8 12. Rc1 Nc5 13. Bf3 Qd7 14. N2b3 Na4 15. Qe2 Nxb2 16. Qxb2 dxc4 17. Bxb7 Qxb7 18. Nd2 a6 19. a4 axb5 20. axb5 1-0

[Event "Zalakaros op 43rd"]
[Site "Zalakaros"]
[Date "2024.05.28"]
[Round "4"]
[White "Meszaros, Tamas"]
[Black "Aczel, Gergely"]
[Result "0-1"]
[WhiteElo "2374"]
[BlackElo "2491"]
[PlyCount "66"]
[EventDate "2024.05.25"]
[EventType "swiss"]
[EventRounds "9"]
[EventCountry "HUN"]
[SourceTitle "CBM 220 Extra"]
[Source "ChessBase"]
[SourceDate "2024.07.31"]
[SourceVersion "1"]
[SourceVersionDate "2024.07.31"]
[SourceQuality "1"]

1. e4 c6 2. d4 d5 3. exd5 cxd5 4. c4 Nf6 5. Nc3 Nc6 6. Bg5 e6 7. Nf3 dxc4 8. Bxc4 Be7 9. 0-0 0-0 10. a3 a6 11. Ba2 b5 12. b4 Bb7 13. Qd3 a5 14. d5 exd5 15. Nxd5 Nxd5 16. Qxd5 axb4 17. Qxb5 Ba6 18. Qxc6 Bxf1 19. Bxe7 Qxe7 20. Rxf1 bxa3 21. Re1 Qf6 22. Qe4 g6 23. Ne5 Rae8 24. h4 Kg7 25. h5 Qf5 26. h6+ Kxh6 27. Ng4+ Kg5 28. Ne5 Qxe4 29. Rxe4 Kf5 30. Re3 Rxe5 31. Rxa3 Kf6 32. g3 Kg7 33. Kg2 Rf5 0-1

[Event "Zalakaros op 43rd"]
[Site "Zalakaros"]
[Date "2024.05.27"]
[Round "3"]
[White "Medancic, Rikard"]
[Black "Meszaros, Tamas"]
[Result "0-1"]
[WhiteElo "2157"]
[BlackElo "2374"]
[PlyCount "48"]
[EventDate "2024.05.25"]
[EventType "swiss"]
[EventRounds "9"]
[EventCountry "HUN"]
[SourceTitle "CBM 220 Extra"]
[Source "ChessBase"]
[SourceDate "2024.07.31"]
[SourceVersion "1"]
[SourceVersionDate "2024.07.31"]
[SourceQuality "1"]

1. e4 e5 2. Nf3 Nc6 3. Bb5 Nf6 4. d3 Bc5 5. 0-0 Nd4 6. Nxd4 Bxd4 7. c3 Bb6 8. Qf3 c6 9. Ba4 d6 10. h3 Rg8 11. Be3 g5 12. Bxb6 axb6 13. Bd1 g4 14. hxg4 Bxg4 15. Qe3 Nh5 16. Nd2 Nf4 17. g3 Bxd1 18. Rfxd1 Qh4 19. Qf3 Qh3 20. Nf1 Rg5 21. Nh2 0-0-0 22. Rd2 Rdg8 23. Nf1 Rh5 24. d4 Rg6 0-1

[Event "HUN-chT1 Charousek 2324"]
[Site "Hungary"]
[Date "2024.05.12"]
[Round "11.2"]
[White "Egresi, Mate"]
[Black "Meszaros, Tamas"]
[Result "1/2-1/2"]
[WhiteElo "2367"]
[BlackElo "2373"]
[PlyCount "30"]
[EventDate "2023.10.08"]
[EventType "team-tourn"]
[EventRounds "11"]
[EventCountry "HUN"]
[SourceTitle "EXT 2025"]
[Source "ChessBase"]
[SourceDate "2024.10.14"]
[SourceVersion "1"]
[SourceVersionDate "2024.10.14"]
[SourceQuality "1"]
[WhiteTeam "Ajka Sentimento"]
[BlackTeam "Csuti Hydro"]
[WhiteTeamCountry "HUN"]
[BlackTeamCountry "HUN"]

1. e4 e5 2. Nf3 Nc6 3. Bb5 Nf6 4. 0-0 Nxe4 5. Re1 Nd6 6. Nxe5 Be7 7. Bf1 Nf5 8. Nf3 d5 9. d4 0-0 10. Bf4 Bd6 11. Bxd6 Qxd6 12. c3 Bd7 13. Nbd2 Rae8 14. Qc2 g6 15. a4 a5 1/2-1/2

[Event "HUN-chT1 Charousek 2324"]
[Site "Hungary"]
[Date "2023.10.15"]
[Round "2.2"]
[White "Farkas, Lajos"]
[Black "Meszaros, Tamas"]
[Result "0-1"]
[WhiteElo "2191"]
[BlackElo "2373"]
[PlyCount "94"]
[EventDate "2023.10.08"]
[EventType "team-tourn"]
[EventRounds "11"]
[EventCountry "HUN"]
[SourceTitle "EXT 2025"]
[Source "ChessBase"]
[SourceDate "2024.10.14"]
[SourceVersion "1"]
[SourceVersionDate "2024.10.14"]
[SourceQuality "1"]
[WhiteTeam "Gyor Elektromos"]
[BlackTeam "Csuti Hydro"]
[WhiteTeamCountry "HUN"]
[BlackTeamCountry "HUN"]

1. d4 Nf6 2. Nf3 e6 3. b3 c5 4. e3 Nc6 5. Bb2 d5 6. Nbd2 Be7 7. a3 0-0 8. Ne5 cxd4 9. exd4 Qb6 10. Ndf3 Ne4 11. Be2 f6 12. Nd3 Bd7 13. 0-0 Rac8 14. Nc1 Na5 15. Ra2 Bb5 16. Bd3 Bxd3 17. Nxd3 Rc6 18. Nd2 Rfc8 19. Nxe4 dxe4 20. Nb4 Bxb4 21. axb4 Rxc2 22. bxa5 Qxb3 23. Ra1 Rxb2 24. Qg4 Qd5 25. a6 b5 26. Rac1 Rbc2 27. Rxc2 Rxc2 28. Qf4 Qxd4 29. Qb8+ Kf7 30. Qxb5 e3 31. Qh5+ Kf8 32. Qxh7 exf2+ 33. Kh1 Qc4 34. Qh8+ Kf7 35. Qh5+ Ke7 36. Qd1 e5 37. h3 e4 38. Kh2 e3 39. Qf3 Rc3 40. Rb1 Rb3 41. Rxb3 Qxb3 42. Qb7+ Qxb7 43. axb7 e2 44. b8Q e1Q 45. Qxa7+ Kf8 46. Qa8+ Kf7 47. Qd5+ Kg6 0-1

[Event "HUN-ch Rapid"]
[Site "Ajka"]
[Date "2023.07.22"]
[Round "7"]
[White "Meszaros, Tamas"]
[Black "Eljanov, Pavel"]
[Result "0-1"]
[WhiteElo "2369"]
[BlackElo "2694"]
[PlyCount "56"]
[EventDate "2023.07.21"]
[EventType "swiss (rapid)"]
[EventRounds "13"]
[EventCountry "HUN"]
[SourceTitle "CBM 215 Extra"]
[Source "ChessBase"]
[SourceDate "2023.09.30"]
[SourceVersion "1"]
[SourceVersionDate "2023.09.30"]
[SourceQuality "1"]

1. b4 Nf6 2. Bb2 g6 3. Nf3 Bg7 4. c4 0-0 5. e3 d6 6. Nc3 e5 7. d4 exd4 8. Nxd4 Nc6 9. Nxc6 bxc6 10. Be2 Rb8 11. a3 c5 12. b5 Be6 13. 0-0 Nd7 14. Qb3 Qh4 15. Rad1 Nb6 16. f4 Rfe8 17. a4 a5 18. e4 f5 19. exf5 Bxf5 20. Bf3 Re3 21. Rc1 Be6 22. Qd1 Nxc4 23. Ba1 Nb6 24. Ne4 Bxa1 25. Rxa1 Bf5 26. Ng5 Rbe8 27. Bd5+ Kf8 28. Ra2 Bd3 0-1

[Event "HUN-chT1 Charousek 2223"]
[Site "Hungary"]
[Date "2023.04.23"]
[Round "9.2"]
[White "Meszaros, Tamas"]
[Black "Karsa, Laszlo"]
[Result "1/2-1/2"]
[WhiteElo "2370"]
[BlackElo "2318"]
[PlyCount "119"]
[EventDate "2022.11.20"]
[EventType "team-tourn"]
[EventRounds "9"]
[EventCountry "HUN"]
[SourceTitle "EXT 2025"]
[Source "ChessBase"]
[SourceDate "2024.10.14"]
[SourceVersion "1"]
[SourceVersionDate "2024.10.14"]
[SourceQuality "1"]
[WhiteTeam "Csuti Hydro"]
[BlackTeam "Komlo Banyasz"]
[WhiteTeamCountry "HUN"]
[BlackTeamCountry "HUN"]

1. e4 e5 2. Nf3 Nc6 3. d4 exd4 4. Nxd4 Nf6 5. Nxc6 bxc6 6. e5 Ne4 7. Nd2 Nc5 8. Nf3 Ne6 9. Bd3 d5 10. 0-0 Be7 11. c3 c5 12. Qa4+ Bd7 13. Qc2 g6 14. Bh6 Bf8 15. Qd2 Bxh6 16. Qxh6 Qe7 17. c4 Bc6 18. Nd2 dxc4 19. Bxc4 0-0-0 20. Nb3 Bd5 21. Rac1 g5 22. Qh3 Kb8 23. Qe3 c6 24. Na5 Qc7 25. b4 Ka8 26. a3 Rhe8 27. Nb3 Nf4 28. Bxd5 Rxd5 29. Nxc5 Rexe5 30. Qb3 Ne2+ 31. Kh1 Nxc1 32. Rxc1 Qd6 33. h3 h5 34. Qa4 g4 35. Qa6 Qc7 36. Nd3 Re8 37. Rxc6 Qb7 38. Nf4 Qxa6 39. Rxa6 Rd2 40. Kh2 gxh3 41. Nxh3 Re6 42. Ra5 h4 43. Rf5 f6 44. Nf4 Re5 45. Rxf6 Rxf2 46. Rf8+ Kb7 47. Rf7+ Kc8 48. Kg1 Ra2 49. Rxa7 Re4 50. Nh3 Rg4 51. Nf2 Rc4 52. Rf7 Rxa3 53. Kh2 Rxb4 54. Nh3 Ra2 55. Rg7 Raa4 56. Ng1 Ra1 57. Nf3 Rbb1 58. Nxh4 Rh1+ 59. Kg3 Ra3+ 60. Nf3 1/2-1/2

[Event "HUN-chT1 Charousek 2223"]
[Site "Hungary"]
[Date "2022.12.18"]
[Round "3.2"]
[White "Ezsol, Miklos"]
[Black "Meszaros, Tamas"]
[Result "1/2-1/2"]
[WhiteElo "2354"]
[BlackElo "2367"]
[PlyCount "20"]
[EventDate "2022.11.20"]
[EventType "team-tourn"]
[EventRounds "9"]
[EventCountry "HUN"]
[SourceTitle "EXT 2025"]
[Source "ChessBase"]
[SourceDate "2024.10.14"]
[SourceVersion "1"]
[SourceVersionDate "2024.10.14"]
[SourceQuality "1"]
[WhiteTeam "Gyori Elektromos"]
[BlackTeam "Csuti Hydro"]
[WhiteTeamCountry "HUN"]
[BlackTeamCountry "HUN"]

1. d4 Nf6 2. Nf3 e6 3. c4 Bb4+ 4. Bd2 a5 5. Nc3 b6 6. g3 Ba6 7. b3 d5 8. cxd5 exd5 9. a3 Bd6 10. Bg5 Bb7 1/2-1/2

[Event "HUN-ch Rapid"]
[Site "Ajka"]
[Date "2022.07.15"]
[Round "2"]
[White "Gelle, Istvan"]
[Black "Meszaros, Tamas"]
[Result "1-0"]
[WhiteElo "2218"]
[BlackElo "2368"]
[PlyCount "89"]
[EventDate "2022.07.15"]
[EventType "swiss (rapid)"]
[EventRounds "13"]
[EventCountry "HUN"]
[SourceTitle "CBM 209 Extra"]
[Source "ChessBase"]
[SourceDate "2022.09.30"]
[SourceVersion "1"]
[SourceVersionDate "2022.09.30"]
[SourceQuality "1"]

1. d4 Nf6 2. Bf4 e6 3. e3 b6 4. Nf3 Bb7 5. Be2 Be7 6. h3 c5 7. 0-0 0-0 8. a4 cxd4 9. exd4 a6 10. Nbd2 d6 11. Re1 Nbd7 12. Bh2 Re8 13. Bf1 Bf8 14. Nc4 Qc7 15. Ne3 Rad8 16. c4 e5 17. b4 a5 18. bxa5 bxa5 19. Rb1 Be4 20. Rb2 Bxf3 21. gxf3 exd4 22. Qxd4 Qc6 23. Rb5 Ne5 24. Bxe5 dxe5 25. Qh4 Bb4 26. Rb1 Qxf3 27. Bg2 Qe2 28. Qg3 e4 29. c5 Qa2 30. R1xb4 axb4 31. Rxb4 Qa3 32. Rc4 Nd5 33. Nxd5 Qa1+ 34. Kh2 Rxd5 35. c6 Qa2 36. Rxe4 Rdd8 37. c7 Rc8 38. Rxe8+ Rxe8 39. Bc6 Rf8 40. Bd7 Qc4 41. a5 g6 42. Qd6 Qe2 43. Qxf8+ Kxf8 44. c8Q+ Kg7 45. Qc5 1-0

[Event "HUN-ch Rapid"]
[Site "Ajka"]
[Date "2022.07.15"]
[Round "3"]
[White "Meszaros, Tamas"]
[Black "Palla, Gyorgy"]
[Result "1-0"]
[WhiteElo "2368"]
[BlackElo "1983"]
[PlyCount "119"]
[EventDate "2022.07.15"]
[EventType "swiss (rapid)"]
[EventRounds "13"]
[EventCountry "HUN"]
[SourceTitle "CBM 209 Extra"]
[Source "ChessBase"]
[SourceDate "2022.09.30"]
[SourceVersion "1"]
[SourceVersionDate "2022.09.30"]
[SourceQuality "1"]

1. e4 c5 2. Nf3 d6 3. Bc4 e6 4. 0-0 Nc6 5. d3 Be7 6. Re1 Nf6 7. Nbd2 0-0 8. c3 e5 9. Nf1 Na5 10. Bb5 a6 11. Ba4 b5 12. Bc2 Nc6 13. Ng3 h6 14. h3 Kh7 15. d4 Ng8 16. a4 b4 17. Be3 cxd4 18. cxd4 a5 19. Bb3 exd4 20. Nxd4 Nxd4 21. Qxd4 Bf6 22. Qd2 Ne7 23. Rad1 Ng6 24. Nh5 Be5 25. f4 Qh4 26. fxe5 Qxh5 27. exd6 Bd7 28. Rc1 Ne5 29. Qe2 Qg6 30. Rc5 f6 31. Kh2 Kh8 32. Bf4 Rfe8 33. Rc7 Rad8 34. Qe3 Qh5 35. Qg3 g5 36. Bxe5 Rxe5 37. Bd5 Qg6 38. b3 h5 39. Rf1 Be6 40. Bxe6 Rxe6 41. d7 Kg7 42. Rd1 Re7 43. Rd4 h4 44. Qd6 Qf7 45. Ra7 Kg6 46. Rc7 Re6 47. Qd5 Re7 48. Qf5+ Kg7 49. Rd6 Re5 50. Qf3 Qe7 51. Qd3 Rxe4 52. Rc5 Re5 53. Rc8 Re1 54. Qd4 Re5 55. Rxd8 Qxd8 56. Rc6 g4 57. Qxg4+ Rg5 58. Qd4 Kg6 59. Rc8 Qe7 60. d8Q 1-0

[Event "HUN-chT1 Charousek 2122"]
[Site "Hungary"]
[Date "2022.02.13"]
[Round "8.2"]
[White "Margl, Roland"]
[Black "Meszaros, Tamas"]
[Result "1-0"]
[WhiteElo "2305"]
[BlackElo "2374"]
[PlyCount "157"]
[EventDate "2021.10.10"]
[EventType "team-tourn"]
[EventRounds "11"]
[EventCountry "HUN"]
[SourceTitle "EXT 2025"]
[Source "ChessBase"]
[SourceDate "2024.10.14"]
[SourceVersion "1"]
[SourceVersionDate "2024.10.14"]
[SourceQuality "1"]
[WhiteTeam "Tapolca VSE"]
[BlackTeam "Csuti Hydro"]
[WhiteTeamCountry "HUN"]
[BlackTeamCountry "HUN"]

1. d4 Nf6 2. c4 e6 3. Nf3 d5 4. Nc3 a6 5. cxd5 exd5 6. Bf4 Be6 7. e3 Bd6 8. Bd3 c6 9. 0-0 Bg4 10. Bxd6 Qxd6 11. Na4 Nbd7 12. Qc2 Bxf3 13. gxf3 b5 14. Nc5 Nxc5 15. dxc5 Qe7 16. a4 0-0 17. Rfd1 g6 18. Be2 Nh5 19. f4 Ng7 20. b4 Qf6 21. Ra3 Nf5 22. Bg4 Nh4 23. Qc3 Qe7 24. Qe5 Qxe5 25. fxe5 h5 26. Be2 Rae8 27. axb5 axb5 28. Ra6 Re6 29. f4 Nf5 30. Kf2 Rfe8 31. Bd3 Ne7 32. e4 Rd8 33. Bc2 Kf8 34. Bb3 g5 35. exd5 cxd5 36. Rd6 Ra8 37. Bxd5 Nxd5 38. R1xd5 Ra2+ 39. Kf3 Rxh2 40. f5 Re8 41. c6 g4+ 42. Kg3 Rh3+ 43. Kg2 Rc3 44. Rh6 Kg7 45. Rxh5 Ra8 46. Rd2 Re8 47. Rd5 Ra8 48. Rd2 Re8 49. Re2 Rxc6 50. Rg5+ Kf8 51. Rxg4 Rec8 52. Kf3 Rc3+ 53. Re3 Rc1 54. Rd4 R8c4 55. Red3 Kg7 56. Ke4 Kh6 57. Rh3+ Kg7 58. Rg3+ Kf8 59. Rgd3 Ke7 60. Kd5 Rc8 61. f6+ Ke8 62. Rh3 Rd8+ 63. Ke4 Rxd4+ 64. Kxd4 Kd7 65. Kd5 Rd1+ 66. Kc5 Ke6 67. Kxb5 Kxe5 68. Rf3 Rd5+ 69. Ka6 Rd6+ 70. Ka5 Ke6 71. b5 Kd7 72. b6 Kc8 73. Ka6 Rd1 74. Re3 Ra1+ 75. Kb5 Rb1+ 76. Kc6 Rc1+ 77. Kd6 Kb7 78. Ke7 Kxb6 79. Kxf7 1-0

[Event "CRO-chT1B 29th"]
[Site "Mali Losinj"]
[Date "2021.09.26"]
[Round "3.3"]
[White "Meszaros, Tamas"]
[Black "Dobrovoljc, Vid"]
[Result "1/2-1/2"]
[WhiteElo "2377"]
[BlackElo "2409"]
[PlyCount "66"]
[EventDate "2021.09.25"]
[EventType "team-tourn"]
[EventRounds "11"]
[EventCountry "CRO"]
[SourceTitle "CBM 204 Extra"]
[Source "ChessBase"]
[SourceDate "2021.11.30"]
[SourceVersion "1"]
[SourceVersionDate "2021.11.30"]
[SourceQuality "1"]
[WhiteTeam "Djakovo Limmont"]
[BlackTeam "Rijeka Junior"]
[WhiteTeamCountry "CRO"]
[BlackTeamCountry "CRO"]

1. e4 e5 2. Nf3 Nc6 3. Bb5 a6 4. Ba4 Nf6 5. 0-0 Be7 6. Re1 b5 7. Bb3 0-0 8. c3 d5 9. exd5 Nxd5 10. Nxe5 Nxe5 11. Rxe5 c6 12. d3 Bd6 13. Re1 Bf5 14. Nd2 Nf4 15. Ne4 Nxd3 16. Bg5 Qd7 17. Nxd6 Qxd6 18. Re3 Rfe8 19. Bc2 Rxe3 20. Bxe3 Qg6 21. Qf3 Re8 22. Bxd3 Bxd3 23. a4 bxa4 24. Rxa4 Bb5 25. Rd4 c5 26. Rd1 h6 27. Qg3 Qc2 28. Qd6 c4 29. Qd2 Qg6 30. f3 Bc6 31. Qf2 Re5 32. Bd4 Re6 33. h3 Qf5 1/2-1/2

[Event "HUN-ch Rapid"]
[Site "Ajka"]
[Date "2021.07.18"]
[Round "12"]
[White "Nemeth, Zoltan"]
[Black "Meszaros, Tamas"]
[Result "1-0"]
[WhiteElo "2223"]
[BlackElo "2377"]
[PlyCount "77"]
[EventDate "2021.07.16"]
[EventType "swiss (rapid)"]
[EventRounds "13"]
[EventCountry "HUN"]
[SourceTitle "CBM 203 Extra"]
[Source "ChessBase"]
[SourceDate "2021.09.30"]
[SourceVersion "1"]
[SourceVersionDate "2021.09.30"]
[SourceQuality "1"]

1. Nf3 d5 2. g3 g6 3. Bg2 Bg7 4. d4 Nf6 5. b3 0-0 6. Bb2 Ne4 7. Nbd2 c5 8. 0-0 Nc6 9. e3 cxd4 10. Nxe4 dxe4 11. Nxd4 Nxd4 12. Bxd4 Bf5 13. Bxg7 Kxg7 14. c4 Qa5 15. Bxe4 Rad8 16. Qb1 Rd2 17. Bxf5 Qxf5 18. Qxf5 gxf5 19. Rfe1 Rfd8 20. Kf1 Rb2 21. Re2 Rdd2 22. Rxd2 Rxd2 23. Ke1 Rb2 24. Rd1 Rxa2 25. Rd7 b6 26. Rxe7 a5 27. Rb7 Rb2 28. Rxb6 a4 29. Ra6 axb3 30. Rb6 Kf8 31. c5 Ke7 32. Kf1 Kd7 33. Kg2 Ke7 34. h4 h5 35. Kf3 Ke8 36. Rb7 Kf8 37. c6 Rc2 38. Rxb3 Rxc6 39. Rb5 1-0

[Event "HUN-ch Rapid"]
[Site "Ajka"]
[Date "2021.07.17"]
[Round "8"]
[White "Bagi, Mate"]
[Black "Meszaros, Tamas"]
[Result "1/2-1/2"]
[WhiteElo "2481"]
[BlackElo "2377"]
[PlyCount "37"]
[EventDate "2021.07.16"]
[EventType "swiss (rapid)"]
[EventRounds "13"]
[EventCountry "HUN"]
[SourceTitle "CBM 203 Extra"]
[Source "ChessBase"]
[SourceDate "2021.09.30"]
[SourceVersion "1"]
[SourceVersionDate "2021.09.30"]
[SourceQuality "1"]

1. e4 e5 2. Nf3 Nc6 3. Bb5 Nf6 4. Nc3 Bb4 5. 0-0 0-0 6. d3 d6 7. Bg5 Ne7 8. Nh4 c6 9. Bc4 d5 10. Bb3 Qd6 11. f4 Bxc3 12. bxc3 dxe4 13. fxe5 Qxe5 14. Bxf6 gxf6 15. dxe4 Ng6 16. Qe1 Be6 17. Nf5 Rae8 18. Qd2 Bxf5 19. exf5 1/2-1/2

[Event "HUN-ch Rapid"]
[Site "Ajka"]
[Date "2021.07.17"]
[Round "6"]
[White "Czebe, Attila"]
[Black "Meszaros, Tamas"]
[Result "1/2-1/2"]
[WhiteElo "2379"]
[BlackElo "2377"]
[PlyCount "112"]
[EventDate "2021.07.16"]
[EventType "swiss (rapid)"]
[EventRounds "13"]
[EventCountry "HUN"]
[SourceTitle "CBM 203 Extra"]
[Source "ChessBase"]
[SourceDate "2021.09.30"]
[SourceVersion "1"]
[SourceVersionDate "2021.09.30"]
[SourceQuality "1"]

1. Nf3 d5 2. b3 Nf6 3. Bb2 e6 4. g3 c5 5. Bg2 Nc6 6. 0-0 Be7 7. d4 0-0 8. Nbd2 cxd4 9. Nxd4 Qb6 10. e3 Bd7 11. c4 Rfd8 12. cxd5 Nxd5 13. Nc4 Qa6 14. a4 Bf6 15. Qe2 Nxd4 16. exd4 Bc6 17. Rfe1 Nb4 18. Bf1 Bxd4 19. Bxd4 Rxd4 20. Rad1 Rxd1 21. Rxd1 Bd5 22. Qd2 Nc6 23. Ne3 Qb6 24. Nxd5 exd5 25. Qxd5 Rd8 26. Qe4 g6 27. Rxd8+ Qxd8 28. Bc4 Qe7 29. Qxe7 Nxe7 30. f4 Kf8 31. Kf2 Ke8 32. g4 f6 33. g5 fxg5 34. fxg5 Kd7 35. Ke3 Kd6 36. Ke4 b6 37. Bf7 Nc6 38. Bg8 Ne7 39. Bf7 Nc6 40. Bc4 Ne7 41. b4 Nc6 42. b5 Ne7 43. Bf7 Nc8 44. Bg8 Ne7 45. Bxh7 Ke6 46. h4 Kf7 47. Ke5 Kg7 48. Bxg6 Nxg6+ 49. Kd6 Nxh4 50. Kc7 Nf5 51. Kb7 Nd6+ 52. Kxa7 Nc4 53. Ka6 Kg6 54. a5 bxa5 55. b6 Nxb6 56. Kxa5 Kxg5 1/2-1/2